| 000 | 00375nam a2200133Ia 4500 | ||
|---|---|---|---|
| 008 | 240112s1958 FEB xx 000 0 und d | ||
| 022 | _a54-6097 | ||
| 041 | _aeng | ||
| 082 | _a618.92705 | ||
| 100 | _aSCHAUFFLER G.C. | ||
| 245 | _aPEDIATRIC CLINICS OF NORTH AMERICA: GYNECOLOGIC PROBLEMS, PEDIATRIC OPHTHALMOLOGY | ||
| 260 |
_bSAUNDERS _c1958 FEB |
||
| 300 | _a255,HB | ||
| 999 |
_c1141490 _d1141490 |
||